000 00256pam a2200121 a 4500
020 _c
041 _aeng
100 _aJoad CEM.
245 _aThe Book Of Joad
_hTextual Documents
260 _a[s.l]:
_bFaber & Faber Ltd
300 _a320p.
930 _a15285
999 _c92185
_d92185